| 000 | 00901cam a22002174a 4500 | ||
|---|---|---|---|
| 005 | 20250605163949.0 | ||
| 008 | 250528s ||||||||||||||||||||||||d | ||
| 035 | _a15316 | ||
| 020 | _a71152091 | ||
| 040 |
_aGR-AtMCL _bgre _dGR-AtMCL _eAACR2 |
||
| 245 | 1 | _aInternational Marketing / Ninth Edition | |
| 250 | _a9th | ||
| 260 |
_bIrwin Mcgraw-Hill, _c1995 |
||
| 300 | _a778 | ||
| 505 | 0 | _aAn Overview, The Cultural Environment of Global Markets, Assessing Global Market Opportunities, Developing Global Marketing Strategies, Corporate Context of Marketing, Supplementary Material, Index. | |
| 520 | _aAn Overview, The Cultural Environment of Global Markets, Assessing Global Market Opportunities, Developing Global Marketing Strategies, Corporate Context of Marketing, Supplementary Material, Index. | ||
| 700 | 1 |
_aCateora Philip R _91173 |
|
| 942 | _cBK | ||
| 999 |
_c906 _d906 |
||